Т. 2; Справочник Шпрингера по нанотехнологиям

Bibliografische gegevens
Parent link:Справочник Шпрингера по нанотехнологиям: пер. с англ./ Московский государственный институт электронной техники (Технический университет) (МИЭТ) ; под ред. Б. Бхушана. Т. 2.— , 2010.— 978-5-94836-261-8
Samenvatting:Первое издание справочника по нанотехнологиям, выпущенное крупнейшим немецким издательством «Шпрингер» в 2004 году, заявило о себе как об основном источнике информации в области научных знаний о нанотехнологиях. Справочник объединяет сведения по технологиям, механике, материаловедению и надежности. Второе издание увеличилось с 6 до 8 частей, с 38 до 58 глав. Первая часть — введение в наноструктуры и технологии изготовления микро- и наноструктур, включая используемые при этом методы и материалы. Вторая часть справочника посвящена МЭМС/НЭМС и БиоМЭМС/БиоНЭМС приборам. Различные типы сканирующей зондовой микроскопии рассмотрены в третьей части. Четвертая часть посвящена обзору нанотрибологии и наномеханики. Обзор смазок на пленках молекулярной толщины представлен в пятой части справочника. Шестая часть знакомит читателя с некоторыми применениями нанотехнологий в промышленном масштабе, седьмая сфокусирована на надежности микроприборов. И, наконец, последняя посвящена технологической конвергенции, которую несут с собой нанотехнологий, в ней также рассмотрены социальные, этические и политические последствия нанотехнологий. Предметный указатель приведен в конце третьего тома. Книга подготовлена опытным редактором и написана командой из 150 известных международных экспертов. Она адресована инженерам-механикам и инженерам-электрикам, специалистам по материаловедению, медикам и химикам, которые работают в области нано-, или в областях, так или иначе связанных с этой новой важнейшей технологией.
Taal:Russisch
Gepubliceerd in: 2010
Onderwerpen:
Formaat: MixedMaterials Boek
KOHA link:https://koha.lib.tpu.ru/cgi-bin/koha/opac-detail.pl?biblionumber=192358

MARC

LEADER 00000nam2a2200000 4500
001 192358
005 20231101224419.0
010 |a 9785948362632 
035 |a (RuTPU)RU\TPU\book\209754 
035 |a RU\TPU\book\163716 
090 |a 192358 
100 |a 20110224d2010 km y0rusy50 ca 
101 1 |a rus  |c eng 
102 |a RU 
105 |a a g 001zy 
200 0 |a Т. 2 
210 |d 2010 
215 |a 1040 с.  |c ил. 
320 |a Предметный указатель: с. 807-831. 
330 |a Первое издание справочника по нанотехнологиям, выпущенное крупнейшим немецким издательством «Шпрингер» в 2004 году, заявило о себе как об основном источнике информации в области научных знаний о нанотехнологиях. Справочник объединяет сведения по технологиям, механике, материаловедению и надежности. Второе издание увеличилось с 6 до 8 частей, с 38 до 58 глав. Первая часть — введение в наноструктуры и технологии изготовления микро- и наноструктур, включая используемые при этом методы и материалы. Вторая часть справочника посвящена МЭМС/НЭМС и БиоМЭМС/БиоНЭМС приборам. Различные типы сканирующей зондовой микроскопии рассмотрены в третьей части. Четвертая часть посвящена обзору нанотрибологии и наномеханики. Обзор смазок на пленках молекулярной толщины представлен в пятой части справочника. Шестая часть знакомит читателя с некоторыми применениями нанотехнологий в промышленном масштабе, седьмая сфокусирована на надежности микроприборов. И, наконец, последняя посвящена технологической конвергенции, которую несут с собой нанотехнологий, в ней также рассмотрены социальные, этические и политические последствия нанотехнологий. Предметный указатель приведен в конце третьего тома. Книга подготовлена опытным редактором и написана командой из 150 известных международных экспертов. Она адресована инженерам-механикам и инженерам-электрикам, специалистам по материаловедению, медикам и химикам, которые работают в области нано-, или в областях, так или иначе связанных с этой новой важнейшей технологией. 
461 1 |0 (RuTPU)RU\TPU\book\209902  |y 978-5-94836-261-8  |t Справочник Шпрингера по нанотехнологиям  |o пер. с англ.  |o в 3 т.  |f Московский государственный институт электронной техники (Технический университет) (МИЭТ) ; под ред. Б. Бхушана  |v Т. 2  |d 2010  |s Мир материалов и технологий 
606 1 |a Нанотехнология  |2 stltpush  |3 (RuTPU)RU\TPU\subj\51510  |9 70088 
610 1 |a сканирующая зондовая микроскопия 
610 1 |a сканирующая туннельная микроскопия 
610 1 |a атомная силовая микроскопия 
610 1 |a аппаратура 
610 1 |a зонды 
610 1 |a низкие температуры 
610 1 |a динамическая силовая микроскопия 
610 1 |a высшие гармоники 
610 1 |a динамические режимы 
610 1 |a молекулярное распознавание 
610 1 |a нанотрибология 
610 1 |a наномеханика 
610 1 |a нанореология 
610 1 |a молекулярно-тонкие пленки 
610 1 |a поверхностные силы 
610 1 |a жидкости 
610 1 |a гидрофобные поверхности 
610 1 |a твердые тела 
610 1 |a адгезия 
610 1 |a сканирующие устройства 
610 1 |a трение 
610 1 |a износ 
610 1 |a наномасштаб 
610 1 |a поверхности 
610 1 |a наномеханические свойства 
610 1 |a биологическая нанотехнология 
610 1 |a человеческий волос 
610 1 |a исследование 
610 1 |a справочники 
675 |a 620.3(035)  |v 3 
801 1 |a RU  |b 63413507  |c 20090116  |g PSBO 
801 2 |a RU  |b 63413507  |c 20150602  |g RCR 
942 |c BK 
959 |a 8/20090116  |d 2  |e 0  |f АНЛ:1  |f ЧЗТЛ:1 
959 |a 110/20091026  |d 2  |e 0  |f АНЛ:1  |f ЧЗТЛ:1 
959 |a 75/20101101  |d 5  |e 0  |f АНЛ:1  |f ЧЗТЛ:1  |f УФ:3